[Event "Andalucia-ch U12"]
[Site "Islantilla"]
[Date "2012.04.13"]
[Round "1"]
[White "Zapata Caparros, Sergio"]
[Black "Medina Moya, Juan"]
[Result "1-0"]
[WhiteElo "1648"]
[BlackElo "1187"]
[PlyCount "74"]
[EventDate "2012.04.13"]
[EventType "swiss"]
[EventRounds "9"]
[EventCountry "ESP"]
[SourceTitle "CBM 148 Extra"]
[Source "ChessBase"]
[SourceDate "2012.06.22"]
[SourceVersion "1"]
[SourceVersionDate "2012.06.22"]
[SourceQuality "1"]

1. d4 d5 2. c4 e6 3. Nc3 Nf6 4. cxd5 exd5 5. Bg5 h6 6. Bxf6 Qxf6 7. Nxd5 Qd6 8. Nc3 Qb4 9. Qa4+ Nc6 10. Qxb4 Nxb4 11. Rc1 Bf5 12. e4 Bg4 13. h3 Bh5 14. a3 Nc6 15. Bb5 0-0-0 16. Bxc6 bxc6 17. g4 Bg6 18. Nge2 c5 19. d5 Bd6 20. f4 f6 21. 0-0 h5 22. Kg2 hxg4 23. hxg4 Be7 24. Ng3 Rde8 25. Rh1 Rxh1 26. Rxh1 Bd6 27. Kf3 Rf8 28. f5 Bxg3 29. Kxg3 Bf7 30. Na4 g6 31. Nxc5 gxf5 32. gxf5 Rg8+ 33. Kf4 Rg5 34. Rh8+ Rg8 35. Rxg8+ Bxg8 36. Ne6 Bxe6 37. fxe6 Kd8 1-0